| 000 | 00515nam a22001577a 4500 | ||
|---|---|---|---|
| 005 | 2009120207337.0 | ||
| 008 | 091202t xxu||||| |||| 00| 0 eng d | ||
| 080 |
_a614.8(023) _bHAN |
||
| 100 |
_aHandley, William [ed.] _eed. by _99777 |
||
| 245 | _aIndustrial safety handbook | ||
| 250 | _a2nd ed. | ||
| 260 |
_aLondon _bMcGraw-Hill _c1977 _99778 |
||
| 300 | _ax, 480p. | ||
| 942 | _cREF | ||
| 952 |
_w2009-12-02 _p00012195 _r2009-12-02 _40 _00 _bUL _10 _o614.8(023) HAN _d2009-12-02 _70 _cGEN _2udc _yBK _aUL |
||
| 999 |
_c10151 _d10150 |
||